The new cambridge english course /
Guardado en:
| Autor Principal: | |
|---|---|
| Formato: | Libro |
| Publicado: |
Inglaterra :
Cambridge Unversity Press,
1990
|
| Etiquetas: |
Agregar Etiqueta
Sin Etiquetas, Sea el primero en etiquetar este registro!
|
| LEADER | 00422nam a22001455a 4500 | ||
|---|---|---|---|
| 001 | CEM.cems007372 | ||
| 005 | 20060214000000.0 | ||
| 008 | 130507s1990##################000#0#####d | ||
| 003 | CEMS | ||
| 082 | 0 | 4 | |a 428.64 |
| 100 | 1 | |a Swan, Michael | |
| 245 | 1 | 0 | |a The new cambridge english course / |
| 260 | |a Inglaterra : |b Cambridge Unversity Press, |c 1990 | ||
| 300 | |a 147 p. | ||
| 859 | |a CEMS |b BIB. CEMS - 11 de abril |h 428.64 |i Sw99-3/I |p 17228.93 |t Ej.1 | ||
